000
00310nam a2200109Ia 4500
008
200302s9999 xx 000 0 und d
100
_a
Studio Archohm
245
_a
ARCHITECTURE AND ATTITUDE - A CONTEMPORARY INDIAN PERSPECTIVE
260
_b
Rupa Publications India Pvt.Ltd
260
_c
2015
300
_a
196 P.,
999
_c
4340
_d
4340